[Event "FIDE Disabilities Olym"]
[Site "Belgrade"]
[Date "2023.02.03"]
[Round "?"]
[White "Mate, Balazs"]
[Black "Mamarajabov, Sardorbek"]
[Result "1-0"]
[WhiteElo "2015"]
[BlackElo "1712"]
[PlyCount "117"]
[EventDate "2023.01.30"]
[EventType "team-swiss"]
[EventRounds "6"]
[EventCountry "SRB"]
[SourceTitle "CBM 212 Extra"]
[Source "ChessBase"]
[SourceDate "2023.03.31"]
[SourceVersion "1"]
[SourceVersionDate "2023.03.31"]
[SourceQuality "1"]
[WhiteTeam "Hungary"]
[BlackTeam "Uzbekistan"]
[WhiteTeamCountry "HUN"]
[BlackTeamCountry "UZB"]

1. e4 c5 2. Nf3 e6 3. d4 cxd4 4. Nxd4 a6 5. c4 Nf6 6. Nc3 Qc7 7. Be3 Bb4 8. Bd3 Nc6 9. Nde2 Ng4 10. Bf4 Nge5 11. 0-0 d6 12. b3 Bc5 13. Qd2 0-0 14. Rad1 Rd8 15. Bb1 f6 16. h3 Bd7 17. Be3 Be8 18. f4 Nf7 19. Nd4 Nxd4 20. Bxd4 b5 21. cxb5 axb5 22. f5 exf5 23. Nd5 Qa7 24. Rxf5 Ne5 25. Kh2 Rac8 26. Bb2 Kh8 27. Rff1 Bf7 28. Qf4 Rf8 29. Qh4 Ng6 30. Qg3 Ne5 31. Qf4 Bxd5 32. exd5 Qe7 33. Qh4 g6 34. Kh1 Kg8 35. Qg3 Qg7 36. Rf4 b4 37. Bc1 g5 38. Rf5 Bd4 39. Bd2 h6 40. Bxb4 Bc5 41. Bc3 Qb7 42. Qe1 Rce8 43. Qd2 Qg7 44. Rdf1 g4 45. Bd4 Nd7 46. Bxc5 Nxc5 47. Qf4 g3 48. Qxd6 Ne4 49. Bxe4 Rxe4 50. R5f3 Re5 51. Qxe5 fxe5 52. Rxf8+ Qxf8 53. Rxf8+ Kxf8 54. Kg1 Ke7 55. Kf1 Kd6 56. Ke2 Kxd5 57. Ke3 h5 58. a4 h4 59. b4 1-0

[Event "Online Olym Div3 C"]
[Site "Chess.com INT"]
[Date "2021.08.27"]
[Round "3.2"]
[White "Mate, Balazs"]
[Black "Mohamed, Saeed Laily"]
[Result "1/2-1/2"]
[WhiteElo "2084"]
[BlackElo "1904"]
[PlyCount "213"]
[EventDate "2021.08.27"]
[EventType "team-tourn (rapid)"]
[EventRounds "9"]
[EventCountry "USA"]
[SourceTitle "CBM 204 Extra"]
[Source "ChessBase"]
[SourceDate "2021.11.30"]
[SourceVersion "1"]
[SourceVersionDate "2021.11.30"]
[SourceQuality "1"]
[WhiteTeam "ICCD"]
[BlackTeam "United Arab Emirates"]
[BlackTeamCountry "UAE"]

1. e4 c6 2. d4 d5 3. Nd2 dxe4 4. Nxe4 Nf6 5. Nxf6+ exf6 6. c3 Bd6 7. Nf3 0-0 8. Be2 Re8 9. 0-0 Nd7 10. h3 Nf8 11. Be3 Ng6 12. Qd2 f5 13. Qd3 Qc7 14. Rfe1 Bd7 15. Qc2 Bf4 16. Bd3 Bxe3 17. fxe3 Ne7 18. Ne5 f6 19. Qb3+ Nd5 20. Nxd7 Qxd7 21. e4 fxe4 22. Bxe4 Kh8 23. Bxd5 cxd5 24. Qc2 Re7 25. Rxe7 Qxe7 26. Qf5 Qe3+ 27. Kh1 Rd8 28. Rf1 Kg8 29. Kh2 Qe7 30. Rf2 Qd6+ 31. Qf4 Kf7 32. Qxd6 Rxd6 33. Re2 a5 34. a3 a4 35. Kg3 f5 36. Kf4 Kf6 37. h4 g6 38. g4 fxg4 39. Kxg4 h6 40. Re5 Rb6 41. Re2 Re6 42. Rf2+ Kg7 43. Kg3 Re4 44. Kh3 Re3+ 45. Kg4 h5+ 46. Kf4 Re4+ 47. Kg3 Re3+ 48. Kg2 Kh6 49. Kh2 Re6 50. Kg3 g5 51. hxg5+ Kxg5 52. Kh3 Re3+ 53. Kh2 Kg4 54. Kg2 h4 55. Kh2 h3 56. Rd2 Kf4 57. Rf2+ Ke4 58. Rd2 Rf3 59. Re2+ Kd3 60. Re5 Kc4 61. Re2 Kd3 62. Re5 Rf2+ 63. Kxh3 Rxb2 64. Rxd5 Kxc3 65. Ra5 Kb3 66. d5 Kxa3 67. d6 Rd2 68. Rb5 Rxd6 69. Rxb7 Ka2 70. Kg3 a3 71. Kf2 Ka1 72. Ke2 a2 73. Rb3 Rd7 74. Ke1 Rd5 75. Ke2 Rd8 76. Ke1 Rh8 77. Kd2 Rh1 78. Kc2 Rh2+ 79. Kc1 Rh1+ 80. Kc2 Rb1 81. Ra3 Rb2+ 82. Kc1 Rb6 83. Rc3 Rb7 84. Kc2 Rb1 85. Rc5 Rb2+ 86. Kc1 Rh2 87. Rb5 Rh6 88. Rc5 Rb6 89. Kc2 Rb8 90. Kc1 Rb2 91. Rc4 Rb1+ 92. Kc2 Rh1 93. Rc5 Rh2+ 94. Kc1 Rh1+ 95. Kc2 Rb1 96. Rc4 Rb2+ 97. Kc1 Rb7 98. Rc5 Rd7 99. Kc2 Rh7 100. Kc1 Rh2 101. Rc4 Rh1+ 102. Kc2 Rh2+ 103. Kc1 Rb2 104. Rc5 Rb1+ 105. Kc2 Rb7 106. Kc1 Rb2 107. Rc4 1/2-1/2

[Event "HUN-chT2 Barcza 1718"]
[Site "Hungary"]
[Date "2018.01.28"]
[Round "7.1"]
[White "Mate, Balazs"]
[Black "Borsavolgyi, Tamas"]
[Result "1/2-1/2"]
[WhiteElo "2091"]
[BlackElo "2202"]
[PlyCount "21"]
[EventDate "2017.09.24"]
[EventType "team-tourn"]
[EventRounds "11"]
[EventCountry "HUN"]
[SourceTitle "EXT 2021"]
[Source "ChessBase"]
[SourceDate "2020.10.23"]
[SourceVersion "1"]
[SourceVersionDate "2020.10.23"]
[SourceQuality "1"]
[WhiteTeam "Debrecen Sakkiskola II"]
[BlackTeam "Hajduszoboszlo"]
[WhiteTeamCountry "HUN"]
[BlackTeamCountry "HUN"]

1. e4 Nf6 2. e5 Nd5 3. d4 d6 4. Bc4 dxe5 5. dxe5 e6 6. Nf3 Be7 7. 0-0 Nb6 8. Bb3 Qxd1 9. Rxd1 Bd7 10. Be3 Na6 11. c3 1/2-1/2

[Event "Budapest-chT1 Lilienthal 1718"]
[Site "Budapest"]
[Date "2017.12.10"]
[Round "5"]
[White "Mate, Balazs"]
[Black "Karacsonyi, Gellert"]
[Result "1/2-1/2"]
[WhiteElo "2091"]
[BlackElo "2140"]
[PlyCount "68"]
[EventDate "2017.10.01"]
[EventType "team-tourn"]
[EventRounds "13"]
[EventCountry "HUN"]
[SourceTitle "EXT 2021"]
[Source "ChessBase"]
[SourceDate "2020.10.23"]
[SourceVersion "1"]
[SourceVersionDate "2020.10.23"]
[SourceQuality "1"]
[WhiteTeam "Mattolda"]
[BlackTeam "Aquarena III"]
[WhiteTeamCountry "HUN"]
[BlackTeamCountry "HUN"]

1. e4 c5 2. Nf3 Nc6 3. Bb5 g6 4. c3 Nf6 5. e5 Nd5 6. 0-0 Bg7 7. Re1 0-0 8. d4 cxd4 9. cxd4 d6 10. h3 Bf5 11. Na3 Nb6 12. Bf4 d5 13. Rc1 Rc8 14. Nc2 Bxc2 15. Rxc2 Qd7 16. Qd2 a6 17. Bxc6 Rxc6 18. Rxc6 Qxc6 19. Rc1 Qd7 20. Qb4 Nc8 21. b3 Na7 22. Qb6 Nc6 23. b4 Rc8 24. b5 axb5 25. Qxb5 Ra8 26. Rb1 Ra7 27. Rb2 Bf8 28. Be3 h5 29. Ne1 e6 30. Nd3 Ra5 31. Qb6 Ra6 32. Qb5 Ra5 33. Qb6 Ra6 34. Qb5 Ra5 1/2-1/2

[Event "W-ch Disabled"]
[Site "Dresden"]
[Date "2017.10.13"]
[Round "7"]
[White "Strzelecki, Jerzy"]
[Black "Mate, Balazs"]
[Result "0-1"]
[WhiteElo "1993"]
[BlackElo "2081"]
[PlyCount "126"]
[EventDate "2017.10.06"]
[EventType "swiss"]
[EventRounds "7"]
[EventCountry "GER"]
[SourceTitle "CBM 181 Extra"]
[Source "ChessBase"]
[SourceDate "2017.12.12"]
[SourceVersion "1"]
[SourceVersionDate "2017.12.12"]
[SourceQuality "1"]

1. Nf3 d5 2. c4 d4 3. b4 f6 4. d3 e5 5. a3 a5 6. bxa5 Rxa5 7. g3 Bd6 8. Bg2 Ne7 9. 0-0 0-0 10. Nbd2 Nf5 11. Ne4 Be7 12. Bd2 Ra7 13. Qb3 Be6 14. Rfb1 Nd7 15. Bb4 b6 16. a4 Bxb4 17. Qxb4 Qe7 18. Ne1 Qxb4 19. Rxb4 Ne7 20. Nd2 Nc5 21. Nb3 Nxb3 22. Rxb3 Bd7 23. Rba3 Ra5 24. Nc2 Bc6 25. Bxc6 Nxc6 26. Kg2 Rfa8 27. e3 Kf7 28. Kf3 f5 29. h4 h5 30. R1a2 Kf6 31. Ra1 Rd8 32. exd4 Nxd4+ 33. Nxd4 Rxd4 34. Rc1 Rd8 35. Ke3 Rda8 36. Rca1 R8a6 37. f4 c6 38. fxe5+ Rxe5+ 39. Kf3 Rea5 40. Rb3 Ke5 41. Rab1 Rxa4 42. Rxb6 Kd4 43. Rxa6 Rxa6 44. Rb7 Kxd3 45. Rxg7 Kxc4 46. Rg5 c5 47. Rxh5 Rf6 48. Rh8 Kc3 49. h5 c4 50. Kf4 Rf7 51. h6 Kc2 52. Rg8 c3 53. Rg7 Rf8 54. h7 Kd1 55. Rg8 c2 56. Rxf8 c1Q+ 57. Kxf5 Qc5+ 58. Kg6 Qxf8 59. g4 Ke2 60. g5 Kf3 61. h8Q Qxh8 62. Kf7 Qh7+ 63. Kf6 Qg8 0-1

[Event "Budapest-chT1 Lilienthal 1516"]
[Site "Budapest"]
[Date "2015.11.15"]
[Round "4"]
[White "Kelemen, Gabor"]
[Black "Mate, Balazs"]
[Result "0-1"]
[WhiteElo "2128"]
[BlackElo "2101"]
[PlyCount "80"]
[EventDate "2015.09.20"]
[EventType "team-tourn"]
[EventRounds "9"]
[EventCountry "HUN"]
[SourceTitle "EXT 2021"]
[Source "ChessBase"]
[SourceDate "2020.10.23"]
[SourceVersion "1"]
[SourceVersionDate "2020.10.23"]
[SourceQuality "1"]
[WhiteTeam "Taban Spartacus II"]
[BlackTeam "Siketek"]
[WhiteTeamCountry "HUN"]
[BlackTeamCountry "HUN"]

1. e4 c5 2. Nf3 Nc6 3. Bb5 g6 4. 0-0 Bg7 5. c3 e5 6. Re1 Nge7 7. d4 cxd4 8. cxd4 Nxd4 9. Nxd4 exd4 10. Bf4 a6 11. Bd3 d6 12. Qa4+ Nc6 13. e5 dxe5 14. Bxe5 0-0 15. Bxg7 Kxg7 16. Nd2 Be6 17. a3 Bd5 18. Be4 Re8 19. Bxd5 Qxd5 20. Nf3 Rxe1+ 21. Rxe1 Rd8 22. h4 f6 23. Kf1 Ne5 24. Qb4 Rd7 25. Nxe5 fxe5 26. Rc1 Qf7 27. Qc5 Qf6 28. Qc8 Rf7 29. f3 e4 30. Rc7 exf3 31. Rxf7+ Qxf7 32. g4 Qe7 33. Qc4 Qe2+ 34. Qxe2 fxe2+ 35. Kxe2 Kf6 36. a4 Ke5 37. Kf3 d3 38. g5 Kf5 39. Ke3 Kg4 40. Kxd3 Kxh4 0-1

[Event "W-ch Disabled"]
[Site "Dresden"]
[Date "2015.10.20"]
[Round "3"]
[White "Krause, Stefan"]
[Black "Mate, Balazs"]
[Result "1/2-1/2"]
[WhiteElo "1926"]
[BlackElo "2121"]
[PlyCount "150"]
[EventDate "2015.10.18"]
[EventType "swiss"]
[EventRounds "7"]
[EventCountry "GER"]
[SourceTitle "CBM 168 Extra"]
[Source "ChessBase"]
[SourceDate "2015.10.29"]
[SourceVersion "1"]
[SourceVersionDate "2015.10.29"]
[SourceQuality "1"]

1. d4 d5 2. c4 e6 3. Nc3 Nf6 4. Nf3 Be7 5. Qc2 dxc4 6. e3 c5 7. Bxc4 Nc6 8. Bb5 Bd7 9. a3 a6 10. Be2 Rc8 11. 0-0 Qc7 12. Rd1 0-0 13. Bd2 Rfd8 14. Rac1 cxd4 15. exd4 Be8 16. Be1 Qb6 17. Na4 Qa7 18. Bc3 Nd5 19. Qe4 Nb8 20. Nc5 b6 21. Nd3 Nxc3 22. Rxc3 Rxc3 23. bxc3 Bc6 24. Qg4 Bxf3 25. Qxf3 Bxa3 26. Ne5 Qc7 27. Nc4 Be7 28. Rb1 b5 29. Nd2 Rc8 30. c4 bxc4 31. Nxc4 Nc6 32. Qe4 Rd8 33. Rd1 a5 34. g3 a4 35. d5 exd5 36. Rxd5 Rxd5 37. Qxd5 g6 38. Bf3 Nd8 39. Qd3 a3 40. Qb3 Qc5 41. Kg2 Qb4 42. Qa2 Ne6 43. Bd5 Nc7 44. Ne5 Kg7 45. Bxf7 Qe4+ 46. Nf3 Qf5 47. Bb3 Nb5 48. Nd2 Bc5 49. Nc4 Qd3 50. Ne5 Qe4+ 51. Nf3 Nd4 52. Bd5 Qc2 53. Nxd4 Qxa2 54. Bxa2 Bxd4 55. f4 Kf6 56. Kf3 Ke7 57. Ke4 Bg7 58. Kd5 Bc3 59. g4 Bd2 60. Ke4 Kd6 61. f5 Bg5 62. fxg6 hxg6 63. h3 Bh4 64. Bg8 Ke7 65. Bb3 Kf6 66. Bc4 Bg3 67. Bb3 Kg5 68. Kf3 Be1 69. Bf7 Kf6 70. Bg8 Ke5 71. Ke3 Bh4 72. Bf7 Bg5+ 73. Kd3 Kf4 74. Kc2 Bf6 75. Kb3 g5 1/2-1/2

[Event "W-ch Disabled"]
[Site "Dresden"]
[Date "2015.10.19"]
[Round "2"]
[White "Mate, Balazs"]
[Black "Pakhomov, Alexey"]
[Result "0-1"]
[WhiteElo "2121"]
[BlackElo "2335"]
[PlyCount "126"]
[EventDate "2015.10.18"]
[EventType "swiss"]
[EventRounds "7"]
[EventCountry "GER"]
[SourceTitle "CBM 168 Extra"]
[Source "ChessBase"]
[SourceDate "2015.10.29"]
[SourceVersion "1"]
[SourceVersionDate "2015.10.29"]
[SourceQuality "1"]

1. e4 Nc6 2. Nf3 d5 3. exd5 Qxd5 4. d4 Bg4 5. Be2 0-0-0 6. Be3 e5 7. Nxe5 Bxe2 8. Qxe2 Nxe5 9. dxe5 Qxg2 10. Rf1 Nh6 11. f4 Qe4 12. c3 Be7 13. Nd2 Bh4+ 14. Kd1 Nf5 15. Bg1 Qa4+ 16. Kc1 Rd7 17. Qe4 Qxe4 18. Nxe4 b6 19. Kc2 Re8 20. Nd2 f6 21. Nf3 fxe5 22. Nxe5 Rd6 23. Rad1 Bf6 24. Rxd6 Nxd6 25. Nf3 Re2+ 26. Kb3 a5 27. Rf2 Re4 28. Nd2 a4+ 29. Kc2 Re1 30. Rg2 a3 31. bxa3 Nb5 32. c4 Nxa3+ 33. Kb3 Nb1 34. Kc2 Nxd2 35. Kxd2 Ra1 36. Kd3 Rc1 37. c5 bxc5 38. Be3 Rc3+ 39. Ke4 Kb7 40. f5 Kc6 41. Bg5 Bd4 42. Re2 Ra3 43. Be7 Ra4 44. Bf8 Ra8 45. Be7 Re8 46. Kd3 Kd5 47. Bh4 Ra8 48. Rc2 Ra3+ 49. Ke2 Ke4 50. Be7 Ra5 51. Bd8 Kxf5 52. Bxc7 Ra7 53. Bd6 Ke6 54. Bg3 Kd5 55. Kd1 Ra3 56. Kc1 Rf3 57. Re2 h5 58. Re8 g5 59. Ra8 h4 60. Bc7 Kc4 61. a4 Kd3 62. Kb1 c4 63. Bd6 Rf1+ 0-1

[Event "Budapest-chT1 Lilienthal 1516"]
[Site "Budapest"]
[Date "2015.09.20"]
[Round "1"]
[White "Mate, Balazs"]
[Black "Ladanyi, Tibor"]
[Result "1-0"]
[WhiteElo "2101"]
[BlackElo "2202"]
[PlyCount "63"]
[EventDate "2015.09.20"]
[EventType "team-tourn"]
[EventRounds "9"]
[EventCountry "HUN"]
[SourceTitle "EXT 2021"]
[Source "ChessBase"]
[SourceDate "2020.10.23"]
[SourceVersion "1"]
[SourceVersionDate "2020.10.23"]
[SourceQuality "1"]
[WhiteTeam "Siketek"]
[BlackTeam "REAC SISE"]
[WhiteTeamCountry "HUN"]
[BlackTeamCountry "HUN"]

1. e4 c5 2. Nf3 Nc6 3. d4 cxd4 4. Nxd4 Nf6 5. Nc3 e5 6. Ndb5 d6 7. Bg5 a6 8. Na3 b5 9. Nd5 Qa5+ 10. Bd2 Qd8 11. Bg5 Be7 12. Nxe7 Nxe7 13. Bxf6 gxf6 14. c4 Bb7 15. Bd3 Rg8 16. 0-0 Ng6 17. g3 Nf4 18. Kh1 Qd7 19. f3 Rxg3 20. Rf2 Qh3 21. Bf1 Qh5 22. cxb5 Ke7 23. Nc4 d5 24. Ne3 Rag8 25. Bg2 dxe4 26. bxa6 Rxg2 27. Nxg2 Nd3 28. Rc2 Ba8 29. Rc7+ Kd8 30. Ra7 Bd5 31. Qc2 Nf2+ 32. Qxf2 1-0

[Event "HUN-chT2 Barcza 1415"]
[Site "Hungary"]
[Date "2015.02.08"]
[Round "8"]
[White "Mate, Balazs"]
[Black "Nagy, Sandor"]
[Result "1/2-1/2"]
[WhiteElo "2125"]
[BlackElo "2109"]
[PlyCount "43"]
[EventDate "2014.09.07"]
[EventType "team-tourn"]
[EventRounds "11"]
[EventCountry "HUN"]
[SourceTitle "EXT 2016"]
[Source "ChessBase"]
[SourceDate "2015.10.08"]
[SourceVersion "1"]
[SourceVersionDate "2015.10.08"]
[SourceQuality "1"]
[WhiteTeam "Hajduszoboszlo"]
[BlackTeam "Debrecen Sakkiskola"]
[WhiteTeamCountry "HUN"]
[BlackTeamCountry "HUN"]

1. e4 c5 2. Nf3 d6 3. c4 Nf6 4. Nc3 e5 5. d3 Nc6 6. Be2 Be7 7. 0-0 h6 8. h3 0-0 9. a3 a6 10. Bd2 Bd7 11. Kh2 Rb8 12. a4 Nh7 13. Ng1 f5 14. f4 fxe4 15. Nxe4 Nf6 16. Nxf6+ Bxf6 17. Rb1 Nd4 18. Bg4 Qc8 19. Bxd7 Qxd7 20. Nf3 Nc6 21. fxe5 Nxe5 22. Be3 1/2-1/2

[Event "WchT Silent"]
[Site "Opatija"]
[Date "2014.06.26"]
[Round "8.3"]
[White "Salov, Sergej"]
[Black "Mate, Balazs"]
[Result "1/2-1/2"]
[WhiteElo "2264"]
[BlackElo "2138"]
[PlyCount "69"]
[EventDate "2014.06.19"]
[EventType "team-swiss"]
[EventRounds "9"]
[EventCountry "CRO"]
[SourceTitle "CBM 161 Extra"]
[Source "ChessBase"]
[SourceDate "2014.08.29"]
[SourceVersion "1"]
[SourceVersionDate "2014.08.29"]
[SourceQuality "1"]
[WhiteTeam "Germany"]
[BlackTeam "Hungary"]
[WhiteTeamCountry "GER"]
[BlackTeamCountry "HUN"]

1. e4 c5 2. Nf3 Nc6 3. Bb5 g6 4. Bxc6 bxc6 5. 0-0 Bg7 6. Re1 Nf6 7. d3 0-0 8. h3 Rb8 9. Nc3 d6 10. e5 Nd5 11. Nxd5 cxd5 12. b3 d4 13. Bf4 Bb7 14. exd6 exd6 15. Nd2 Bd5 16. Qg4 Rb6 17. h4 Rc6 18. Qg3 Qd7 19. Re2 Be6 20. Rae1 d5 21. h5 a5 22. Nf3 Ra6 23. hxg6 fxg6 24. Ng5 Bf7 25. Qh4 h5 26. Be5 Qf5 27. f3 Bh6 28. Nxf7 Rxf7 29. Qd8+ Bf8 30. Qxd5 a4 31. Qe4 Qxe4 32. Rxe4 axb3 33. axb3 Ra2 34. R1e2 Rf5 35. Rf4 1/2-1/2